Chinese participation in Kenyan transport infrastructure: Reshaping power-geometries? (notice n° 1574136)

détails MARC
000 -LEADER
fixed length control field 01557cam a2200157 4500500
005 - DATE AND TIME OF LATEST TRANSACTION
control field 20251214030734.0
041 ## - LANGUAGE CODE
Language code of text/sound track or separate title fre
042 ## - AUTHENTICATION CODE
Authentication code dc
100 10 - MAIN ENTRY--PERSONAL NAME
Personal name Gambino, Elisa
Relator term author
245 00 - TITLE STATEMENT
Title Chinese participation in Kenyan transport infrastructure: Reshaping power-geometries?
260 ## - PUBLICATION, DISTRIBUTION, ETC.
Date of publication, distribution, etc. 2020.<br/>
500 ## - GENERAL NOTE
General note 46
520 ## - SUMMARY, ETC.
Summary, etc. Infrastructure has historically been both a tool and a reflection of state power, and current development agendas across the African continent are contributing to reposition the state as driver of development. Simultaneously, diverging agendas amongst state and parastate actors, as well as the involvement of private or foreign actors produce a complex and layered political reality. Increasing involvement of Chinese actors in infrastructure projects calls for further investigation of the impact Chinese participation has on relations amongst state and non-state actors in African nations. Using the case study of Lamu port project in Northern Kenya, financed by the Kenyan government but constructed by a Chinese State-Owned Enterprise, this article focuses on the controversies involving the national government and Lamu county government. This paper highlights how the presence of Chinese actors has both reproduced pre-existing geographies of power, but also contributed to the emergence of new power-geometries.
786 0# - DATA SOURCE ENTRY
Note Critique internationale | o 89 | 4 | 2020-11-18 | p. 95-114 | 1290-7839
856 41 - ELECTRONIC LOCATION AND ACCESS
Uniform Resource Identifier <a href="https://shs.cairn.info/journal-critique-internationale-2020-4-page-95?lang=en&redirect-ssocas=7080">https://shs.cairn.info/journal-critique-internationale-2020-4-page-95?lang=en&redirect-ssocas=7080</a>

Pas d'exemplaire disponible.

PLUDOC

PLUDOC est la plateforme unique et centralisée de gestion des bibliothèques physiques et numériques de Guinée administré par le CEDUST. Elle est la plus grande base de données de ressources documentaires pour les Étudiants, Enseignants chercheurs et Chercheurs de Guinée.

Adresse

627 919 101/664 919 101

25 boulevard du commerce
Kaloum, Conakry, Guinée

Réseaux sociaux

Powered by Netsen Group @ 2025